Il iv centenario del concilio di trento : conferenze commemorative tenute all'universita cattolica /

Guardado en:
Formato: Libro
Publicado: Milano : Vita E Pensiero, 1946
Series:Oubl. Dell'univ.cattolica..,14
Materias:
Etiquetas: Agregar Etiqueta
Sin Etiquetas, Sea el primero en etiquetar este registro!
LEADER 00544nam a22001575a 4500
001 EHU.bham000511
003 AR-BHAM
005 20070307174456.0
008 130507s1946##################000#0#####d
082 2 7 |a 270.6 
245 0 0 |a Il iv centenario del concilio di trento :  |b conferenze commemorative tenute all'universita cattolica /  |c  . 
260 |a Milano :  |b Vita E Pensiero,  |c 1946 
300 |a 66 p. 
490 0 |a Oubl. Dell'univ.cattolica..,14 
653 |a Historia de la iglesia-1517-1648 
859 |a AR-BHAM  |b BIB. HUMANIDADES - General  |h 270.6  |i Q26  |p 153.70  |t Ej.1